Statistiques concernant Pokémon de type Plante uniquement

Cliquez ici pour prendre le quiz!

Statistiques générales

  • Ce quiz a été pris 21 fois
  • Le résultat moyen est 39 sur 47

Statistiques - réponses

HintRéponse% Correct
n° 0252Arcko
94%
n° 0511Feuillajou
94%
n° 0152Germignon
94%
n° 0496Lianaja
94%
n° 0497Majaspic
94%
n° 0811Badabouin
89%
n° 0651Boguérisse
89%
n° 0420Ceribou
89%
n° 0421Ceriflor
89%
n° 0548Chlorobule
89%
n° 0512Feuiloutan
89%
n° 0549Fragilady
89%
n° 0812Gorythmic
89%
n° 0254Jungko
89%
n° 0153Macronium
89%
n° 0650Marisson
89%
n° 0253Massko
89%
n° 0154Méganium
89%
n° 0387Tortipouss
89%
n° 0495Vipélierre
89%
n° 0388Boskara
83%
n° 0672Cabriolaine
83%
n° 0673Chevroum
83%
n° 0761Croquine
83%
n° 0192Héliatronc
83%
n° 0182Joliflor
83%
n° 0810Ouistempo
83%
n° 906Poussacha
83%
n° 0114Saquedeneu
83%
n° 0492Shaymin
83%
n° 0763Sucreine
83%
n° 0191Tournegrin
83%
n° 0465Bouldeneu
78%
n° 0762Candine
78%
n° 0556Maracachi
78%
n° 907Matourgeon
78%
n° 0285Balignon
72%
n° 0754Floramantis
72%
n° 0273Grainipiot
72%
n° 0753Mimantis
72%
n° 0470Phyllali
72%
n° 830Blancoton
67%
n° 0331Cacnea
67%
n° 1017Ogerpon
67%
n° 829Tournicoton
67%
n°0455Vortente
67%
n° 0951Pimito
44%

Distribution des résultats

Percentile par nombre de réponses

% des personnes avec chaque résultat

Votre développement - résultats

Vous n’avez pas pris ce quiz